| 000 | 00547nam a22001817a 4500 | ||
|---|---|---|---|
| 003 | BD-DhUL | ||
| 005 | 20181129101035.0 | ||
| 008 | 181129snd. pk ||||| |||| 00| 0 urd d | ||
| 040 |
_aBD-DhUL _cBD-DhUL |
||
| 082 |
_a891.433 _bSHB |
||
| 100 | 0 | _aشولو خوف | |
| 245 | 1 | 0 |
_aبہتادریا : ناول : _cشولو خوف _bحصہ ۱-۲ / |
| 260 |
_aلاہور : _bسنگم پلبثرز لمٹیڈ، _c۔ |
||
| 300 |
_aحصہ ۱-۲ ؛ _c۲۸ سم۔ |
||
| 650 | 4 | _aUrdu fiction | |
| 700 | 0 | _aمطلبی فرید آبادی | |
| 942 |
_2ddc _cBK |
||
| 999 |
_c244876 _d244876 |
||